Systematic Theology: (Record no. 3687)

MARC details
000 -LEADER
fixed length control field 00500nam a2200181Ia 4500
003 - CONTROL NUMBER IDENTIFIER
control field GBCCL
005 - DATE AND TIME OF LATEST TRANSACTION
control field 20241126110501.0
008 - FIXED-LENGTH DATA ELEMENTS--GENERAL INFORMATION
fixed length control field 171201b xxu||||| |||| 00| 0 eng d
040 ## - CATALOGING SOURCE
Transcribing agency gbc
082 ## - DEWEY DECIMAL CLASSIFICATION NUMBER
Classification number VER 230.046
Item number HAO
100 ## - MAIN ENTRY--PERSONAL NAME
Personal name Haokip, Hemkhomang
9 (RLIN) 7305
245 ## - TITLE STATEMENT
Title Systematic Theology:
Remainder of title In Thadou-Kuki /
Statement of responsibility, etc. Hemkhomang Haokip
250 ## - EDITION STATEMENT
Edition statement 3rd Ed.
260 ## - PUBLICATION, DISTRIBUTION, ETC.
Name of publisher, distributor, etc. Author,
Place of publication, distribution, etc. Motbung:
Date of publication, distribution, etc. 2015
300 ## - PHYSICAL DESCRIPTION
Extent 332p.;
Other physical details ill.,
Dimensions 23 cm.
650 ## - SUBJECT ADDED ENTRY--TOPICAL TERM
Topical term or geographic name entry element Systematic Theology
9 (RLIN) 7259
942 ## - ADDED ENTRY ELEMENTS (KOHA)
Edition 3RD ED
Source of classification or shelving scheme Dewey Decimal Classification
Koha item type Books
Koha issues (borrowed), all copies 3
Holdings
Withdrawn status Lost status Source of classification or shelving scheme Damaged status Not for loan Collection Home library Current Library Shelving location Date acquired Total checkouts Full call number Barcode Date last seen Date last checked out Copy number Price effective from Koha item type
    Dewey Decimal Classification       GRACE BIBLE COLLEGE GRACE BIBLE COLLEGE Vernacular 2017-12-01 3 VER 230.046 HAO 012743 2025-05-01 2024-01-27 c.1 2017-12-01 Books
© Grace Bible College Library 2025